| 000 -LEADER |
| fixed length control field |
02271cas a2200541 a 4500 |
| 001 - CONTROL NUMBER |
| control field |
11285196 |
| 003 - CONTROL NUMBER IDENTIFIER |
| control field |
NUST-PNEC |
| 005 - DATE AND TIME OF LATEST TRANSACTION |
| control field |
20170116180716.0 |
| 007 - PHYSICAL DESCRIPTION FIXED FIELD--GENERAL INFORMATION |
| fixed length control field |
t| |
| 008 - FIXED-LENGTH DATA ELEMENTS--GENERAL INFORMATION |
| fixed length control field |
760712c19739999nyu x f 0 a0eng c |
| 010 ## - LIBRARY OF CONGRESS CONTROL NUMBER |
| LC control number |
84643191 |
| Canceled/invalid LC control number |
sn 83010373 |
| -- |
sn 84006641 |
| 020 ## - INTERNATIONAL STANDARD BOOK NUMBER |
| International Standard Book Number |
0070161925 |
| 022 0# - INTERNATIONAL STANDARD SERIAL NUMBER |
| International Standard Serial Number |
0748-4585 |
| Source |
1 |
| 035 ## - SYSTEM CONTROL NUMBER |
| System control number |
(OCoLC)ocm02307440 |
| 040 ## - CATALOGING SOURCE |
| Original cataloging agency |
CtY |
| Language of cataloging |
eng |
| Transcribing agency |
PNEC |
| 042 ## - AUTHENTICATION CODE |
| Authentication code |
pcc |
| -- |
nsdp |
| 050 00 - LIBRARY OF CONGRESS CALL NUMBER |
| Classification number |
TP151 |
| Item number |
.H25 |
| 050 14 - LIBRARY OF CONGRESS CALL NUMBER |
| Classification number |
QD65 |
| Item number |
.L362 |
| 082 04 - DEWEY DECIMAL CLASSIFICATION NUMBER |
| Classification number |
540.0202 DEA |
| Edition number |
19 |
| 100 ## - MAIN ENTRY--PERSONAL NAME |
| 9 (RLIN) |
690 |
| Personal name |
Dean, John A. |
| 210 0# - ABBREVIATED TITLE |
| Abbreviated title |
Lange's handb. chem. |
| 222 #0 - KEY TITLE |
| Key title |
Lange's handbook of chemistry |
| 245 00 - TITLE STATEMENT |
| Title |
Lange's handbook of chemistry. |
| Statement of responsibility, etc. |
John A. Dean |
| 246 30 - VARYING FORM OF TITLE |
| Title proper/short title |
Handbook of chemistry |
| 250 ## - EDITION STATEMENT |
| Edition statement |
13th ed. |
| 260 3# - PUBLICATION, DISTRIBUTION, ETC. |
| Place of publication, distribution, etc. |
New York : |
| Name of publisher, distributor, etc. |
McGraw-Hill, |
| Date of publication, distribution, etc. |
c1985- |
| 265 ## - SOURCE FOR ACQUISITION/SUBSCRIPTION ADDRESS [OBSOLETE] |
| Source for acquisition/subscription address [OBSOLETE] |
McGraw-Hill Book Co., 1221 Ave. of the Americas, New York, NY 10020 |
| 300 ## - PHYSICAL DESCRIPTION |
| Extent |
xxi,(various pagings). : |
| Other physical details |
ill. ; |
| Dimensions |
24 cm. |
| 310 ## - CURRENT PUBLICATION FREQUENCY |
| Current publication frequency |
Irregular |
| 362 0# - DATES OF PUBLICATION AND/OR SEQUENTIAL DESIGNATION |
| Dates of publication and/or sequential designation |
11th ed.- |
| 500 ## - GENERAL NOTE |
| General note |
http://www.amazon.com/Langes-Handbook-Chemistry-Norbert-Adolph/dp/0070161925/ref=sr_1_1?s=books&ie=UTF8&qid=1413628727&sr=1-1&keywords=0070161925 |
| 500 ## - GENERAL NOTE |
| General note |
Formerly compiled and edited by: N.A. Lange. |
| 530 ## - ADDITIONAL PHYSICAL FORM AVAILABLE NOTE |
| Additional physical form available note |
Latest ed. available also online via the World Wide Web through Knovel. |
| 590 ## - LOCAL NOTE (RLIN) |
| Local note |
SERBIB/SERLOC merged record |
| 650 #0 - SUBJECT ADDED ENTRY--TOPICAL TERM |
| Topical term or geographic name entry element |
Chemistry |
| Form subdivision |
Handbooks, manuals, etc. |
| 650 #6 - SUBJECT ADDED ENTRY--TOPICAL TERM |
| Topical term or geographic name entry element |
Chimie |
| Form subdivision |
Guides, manuels, etc. |
| General subdivision |
ME |
| 700 1# - ADDED ENTRY--PERSONAL NAME |
| Personal name |
Dean, John A. |
| Fuller form of name |
(John Aurie), |
| Dates associated with a name |
1921-2001. |
| 700 1# - ADDED ENTRY--PERSONAL NAME |
| Personal name |
Lange, Norbert Adolph, |
| Dates associated with a name |
1892-1970. |
| 776 1# - ADDITIONAL PHYSICAL FORM ENTRY |
| Title |
Lange's handbook of chemistry (Online) |
| International Standard Serial Number |
1539-2279 |
| Record control number |
(DLC) 2002211097 |
| -- |
(OCoLC)49345774 |
| 776 08 - ADDITIONAL PHYSICAL FORM ENTRY |
| Relationship information |
Online version: |
| Title |
Lange's handbook of chemistry |
| Record control number |
(OCoLC)565258576 |
| 776 08 - ADDITIONAL PHYSICAL FORM ENTRY |
| Relationship information |
Online version: |
| Title |
Lange's handbook of chemistry |
| Record control number |
(OCoLC)606876455 |
| 780 00 - PRECEDING ENTRY |
| Title |
Handbook of chemistry |
| International Standard Serial Number |
0190-4035 |
| Record control number |
(DLC) 34034381 |
| -- |
(OCoLC)1588806 |
| 906 ## - LOCAL DATA ELEMENT F, LDF (RLIN) |
| a |
7 |
| b |
cbc |
| c |
serials |
| d |
2 |
| e |
ncip |
| f |
19 |
| g |
n-oclcserc |
| 936 ## - OCLC/CONSER MISCELLANEOUS DATA (OCLC); PIECE USED FOR CATALOGING (pre-AACR2) (RLIN) |
| OCLC control number(s) of parallel record(s) (OCLC); Piece used for cataloging, PUC (RLIN) |
Unknown |
| -- |
13th ed. |
| 942 ## - ADDED ENTRY ELEMENTS (KOHA) |
| Source of classification or shelving scheme |
|
| Koha item type |
Book |